000 00727nam a2200229 a 4500
001 58131
003 BD-RjUL
005 20211209080605.0
008 800801s1981 nyua b 001 0 eng
020 _a0070520283 (pbk.) :
_c$14.95
035 _a(BD-RjUL)58255
040 _aDLC
_cDLC
_dBD-RjUL
_beng
041 _aeng
082 0 0 _a330.973
_223
_bREA 1981
100 1 _aReynolds, Lloyd George,
_d1910-
_9172678
245 1 4 _aThe American economy in perspective /
_cLloyd G. Reynolds.
260 _aNew York :
_bMcGraw-Hill Book Co.,
_cc1981.
300 _axxi, 452 p. :
_bill. ;
_c24 cm.
504 _aIncludes bibliographical references and index.
651 0 _aUnited States
_xEconomic conditions.
_9172679
942 _2ddc
_cBK
999 _c58131
_d58131